000 00816nam a22002057a 4500
999 _c3212
_d3212
003 AR-CdUCM
008 190306b ||||| |||| 00| 0 spa d
040 _aMUNICIPALIDAD PROVINCIAL DEL CUSCO
_cBIBLIOTECA MUNICIPAL DEL CUSCO
082 _a320.1 /
_bM25
100 _aMaquiavelo, Nicolas
_910771
245 _aEl príncipe /
260 _aLima :
_bEdiciones Culturales Marfil,
_c1988.
300 _a130 paginas ;
_c17 cm.
505 _aContenido :De los principados hereditarios -- Del principado civil -- Como se deben medir las fuerzas de los gobiernos -- De los deberes del príncipe con la milicia -- Hay que evitar ser odiado y despreciado ...
650 _aCiencia política
_91775
650 _aObras anteriores a 1800
_910772
650 _aÉtica política
_910773
942 _2ddc
_cLIBROS
945 _arum